<?xml version="1.0" encoding="UTF-8"?>
<record
    xmlns:xsi="http://www.w3.org/2001/XMLSchema-instance"
    xsi:schemaLocation="http://www.loc.gov/MARC21/slim http://www.loc.gov/standards/marcxml/schema/MARC21slim.xsd"
    xmlns="http://www.loc.gov/MARC21/slim">

  <leader>01018nam a22002295i 4500</leader>
  <controlfield tag="001">176564</controlfield>
  <controlfield tag="003">ES-MaACL</controlfield>
  <controlfield tag="005">20240415143612.0</controlfield>
  <controlfield tag="008">110124q1953    sp            000 d spa d</controlfield>
  <datafield tag="080" ind1=" " ind2=" ">
    <subfield code="a">821.131.1-22"19"</subfield>
  </datafield>
  <datafield tag="100" ind1="1" ind2=" ">
    <subfield code="a">Niccodemi, Dar&#xED;o.</subfield>
    <subfield code="9">85528</subfield>
  </datafield>
  <datafield tag="245" ind1="1" ind2="3">
    <subfield code="a">La enemiga : </subfield>
    <subfield code="b">comedia dram&#xE1;tica en tres actos / </subfield>
    <subfield code="c">Dar&#xED;o Nicodemi ; traducci&#xF3;n y adaptaci&#xF3;n de Eduardo Marquina.</subfield>
  </datafield>
  <datafield tag="260" ind1=" " ind2=" ">
    <subfield code="a">Madrid : </subfield>
    <subfield code="b">[s. n., </subfield>
    <subfield code="c">1953?] (</subfield>
    <subfield code="f">Arba, imp.)</subfield>
  </datafield>
  <datafield tag="300" ind1=" " ind2=" ">
    <subfield code="a">60 p. ; </subfield>
    <subfield code="c">17 cm.</subfield>
  </datafield>
  <datafield tag="490" ind1="1" ind2=" ">
    <subfield code="a">Biblioteca teatral ; </subfield>
    <subfield code="v">145</subfield>
  </datafield>
  <datafield tag="594" ind1=" " ind2=" ">
    <subfield code="a">En port.: Estrenada en el Teatro de la Princesa por la Compa&#xF1;&#xED;a de Mar&#xED;a Guerrero y representada con enorme suceso art&#xED;stico en el Teatro Calder&#xF3;n, de Madrid, por la eminent&#xED;sima actriz Mar&#xED;a Fernanda Ladr&#xF3;n de Guevara.</subfield>
  </datafield>
  <datafield tag="599" ind1=" " ind2=" ">
    <subfield code="a">Antep. ilustrada.</subfield>
  </datafield>
  <datafield tag="700" ind1="1" ind2=" ">
    <subfield code="a">Marquina, Eduardo,</subfield>
    <subfield code="d">1879-1946</subfield>
    <subfield code="9">77043</subfield>
  </datafield>
  <datafield tag="830" ind1="1" ind2=" ">
    <subfield code="a">Biblioteca teatral ; </subfield>
    <subfield code="v">145</subfield>
    <subfield code="9">190120</subfield>
  </datafield>
  <datafield tag="852" ind1="4" ind2=" ">
    <subfield code="a">ES-MaACL</subfield>
    <subfield code="j">E-14125 (145)   </subfield>
    <subfield code="x">Olim P-302 </subfield>
    <subfield code="z">- Enc. con otros t&#xED;tulos</subfield>
  </datafield>
  <datafield tag="999" ind1=" " ind2=" ">
    <subfield code="c">176564</subfield>
    <subfield code="d">176564</subfield>
  </datafield>
  <datafield tag="952" ind1=" " ind2=" ">
    <subfield code="0">0</subfield>
    <subfield code="1">0</subfield>
    <subfield code="4">0</subfield>
    <subfield code="7">0</subfield>
    <subfield code="a">ATENEOM</subfield>
    <subfield code="b">ATENEOM</subfield>
    <subfield code="c">DEPO2</subfield>
    <subfield code="d">2011-01-24</subfield>
    <subfield code="e">SC</subfield>
    <subfield code="l">0</subfield>
    <subfield code="o">E-14125 (145)</subfield>
    <subfield code="p">1185425</subfield>
    <subfield code="r">2023-02-23 00:00:00</subfield>
    <subfield code="w">2023-02-23</subfield>
    <subfield code="y">MONOGRAFIA</subfield>
  </datafield>
</record>
